00713nam a22001937a 4500003000500000005001700005008004100022010001000063011001000073035001000083040000900093100004200102245018700144260004000331300002000371502008500391650002200476650002100498CHAP20220329141611.0971013s1994 r 00010 d a70813 a71785 a81339 cCHAP00aVélez Hernández, Elia del Carmen. aEstudio de factibilidad para el establecimiento de una planta industrializadora de tuna blanca (Opuntia amyclaea Tenore) en el municipio de San Juan Teotihuacán, Estado de México aChapingo, Méx. :bEl autor,c1994 a90 h.e+ anexos aTesis (Ing. Agroindustrial) -- UACH. Departamento de Ingeniería Agroindustrial14aOpuntia amyclaea.14aTunaxIndustria.